| 000 | 00430nam a2200181Ia 4500 | ||
|---|---|---|---|
| 005 | 20250603145841.0 | ||
| 008 | 250603s9999 xx 000 0 und d | ||
| 020 | _a9781032226378 | ||
| 050 | _aRA 644 .C67/ | ||
| 100 | _aEdited by Edward Alan Miller | ||
| 245 | 4 | _aThe Covid 19 Pandemic and Older Adults | |
| 260 | _aLondon | ||
| 260 | _bRoutledge | ||
| 260 | _c2022 | ||
| 300 | _a155 p | ||
| 650 | _aLondon | ||
| 942 | _cBK | ||
| 999 |
_c43043 _d43043 |
||